000 01297nam a2200313Ia 4500
001 ebr10626192
003 CaPaEBR
006 m u
007 cr cn|||||||||
008 110307s2011 njua sb 001 0 eng
010 _z 2011009741
020 _z9780470608302 (pbk.)
020 _z9781118099698
040 _aCaPaEBR
_cCaPaEBR
035 _a(OCoLC)820815576
050 1 4 _aTH880
_b.C679 2011eb
082 0 4 _a658.2
_222
100 1 _aCottrell, Michelle.
245 1 0 _aGuide to the LEED AP Operations and Maintenance (O+M) Exam
_h[electronic resource] /
_cMichelle Cottrell.
260 _aHoboken, N.J. :
_bWiley,
_cc2011.
300 _axiv, 318 p. :
_bill.
504 _aIncludes bibliographical references and index.
533 _aElectronic reproduction.
_bPalo Alto, Calif. :
_cebrary,
_d2011.
_nAvailable via World Wide Web.
_nAccess may be limited to ebrary affiliated libraries.
650 0 _aLeadership in Energy and Environmental Design Green Building Rating System
_xExaminations
_vStudy guides.
650 0 _aBuildings
_xMaintenance
_xExaminations
_vStudy guides.
655 7 _aElectronic books.
_2local
710 2 _aebrary, Inc.
856 4 0 _uhttp://site.ebrary.com/lib/rucke/Doc?id=10626192
_zAn electronic book accessible through the World Wide Web; click to view
999 _c67539
_d67539